000 01073nam a2200277 a 4500
005 20160826140224.0
008 140221b1997 ck |||||rm||| 00| 0 spa d
040 _aCO-BoIAVH
_cCO-BoIAVH
041 _aspa
044 _ack
090 _aTE
_b0083
100 _aCastro Jaimes, Ana Esperanza
245 _aAplicación de la normatividad legal vigente en relación con la adquisición y mantenimiento de predios o áreas estratégicas para la recuperación y protección del recurso hídrico
260 _aCúcuta
_bUniversidad Libre de Colombia
_c1997
300 _a197 p.
650 _aRecursos hídricos
650 _aLegislación ambiental
650 _aAreas prioritarias de conservación
650 _aManejo de aguas
650 _aRecursos pesqueros
650 _aBalance hídrico
650 _aCódigo Nacional de los Recursos Naturales Renovables y de Protección del Medio Ambiente
700 _aLeal Leal, Nancy Bibiana
700 _aGaleano Portillo, Luis Enrique
942 _cTESIS
_2z
999 _c632
_d632